| 000 | 00712cab a2200229 4500 | ||
|---|---|---|---|
| 001 | ABS36816 | ||
| 008 | 090401t1986 xxu||||| |||| 00| 0 eng d | ||
| 035 | _a(Sirsi) u443 | ||
| 041 | _aeng | ||
| 100 | _aBaylis, S. | ||
| 245 | _aProblems affecting contractors liability for liquidated damages | ||
| 260 | _c1986 | ||
| 350 | _a0 | ||
| 490 |
_aCivil Engineering Surveyor _v11(7) September 1986, 12-13(2) |
||
| 520 | _aConsiders the date a contractor becomes liable to deduction of liquidated damages. | ||
| 650 | _aBUILT ENVIRONMENT-BUILDING CONTRACT FORMS | ||
| 650 | _aCLAIMS | ||
| 650 | _aEXTENSION OF TIME | ||
| 690 | _aBUILT ENVIRONMENT-BUILDING CONTRACT FORMS | ||
| 942 | _n0 | ||
| 948 | _c04/03/1997 | ||
| 999 |
_c185 _d185 |
||